Orthogonal polynomials /

Guardado en:
Autor Principal: Szegö, Gábor, 1895-
Formato: Libro
Idioma:English
Publicado: Providence, Rhode Island : American Mathematical Society, 1967.
Edición:3rd ed.
Series:Colloquium publications (American Mathematical Society) ; v. 23.
Etiquetas: Agregar Etiqueta
Sin Etiquetas, Sea el primero en etiquetar este registro!
LEADER 00746nam a22002055 4500
001 MAT.inmabb001765
008 900629r19671939nyua#####b####001#0#eng#d
005 20130328200410.0
245 1 0 |a Orthogonal polynomials /  |c by Gabor Szegö. 
250 |a 3rd ed. 
260 |a Providence, Rhode Island :  |b American Mathematical Society,  |c 1967. 
300 |a xiii, 423 p. :  |b il. ;  |c 26 cm. 
490 1 |a American mathematical society. Colloquium publications ;  |v vol. XXIII 
504 |a Bibliografía: p. 399-416. 
510 4 |a MR,  |c 46 #9631 
100 1 |a Szegö, Gábor,  |d 1895- 
830 0 |a Colloquium publications (American Mathematical Society) ;  |v v. 23. 
084 |a 42C05 (33C45)  |2 msc2000 
010 |a  39033497  
859 |h 42  |i Sz997  |p A-3137  |b BIB. MATEMATICA